Sài Gòn dậy mà đi : Ký sự

Những ghi chép của nhà báo Lê Văn Nuôi về phong trào đấu tranh giành tự do, dân chủ và độc lập dân tộc của thanh niên, sinh viên, học sinh Sài Gòn thời kì 1965-1975

Đã lưu trong:
書目詳細資料
主要作者: Lê, Văn Nuôi
格式: 圖書
語言:Undetermined
出版: Thành phố Hồ Chí Minh Trẻ 2012
主題:
標簽: 添加標簽
沒有標簽, 成為第一個標記此記錄!
Thư viện lưu trữ: Trung tâm Học liệu Trường Đại học Cần Thơ
LEADER 00887nam a2200229Ia 4500
001 CTU_188329
008 210402s9999 xx 000 0 und d
020 |c 80000 
082 |a 959.704332 
082 |b N515 
100 |a Lê, Văn Nuôi 
245 0 |a Sài Gòn dậy mà đi : 
245 0 |b Ký sự 
245 0 |c Lê Văn Nuôi 
260 |a Thành phố Hồ Chí Minh 
260 |b Trẻ 
260 |c 2012 
520 |a Những ghi chép của nhà báo Lê Văn Nuôi về phong trào đấu tranh giành tự do, dân chủ và độc lập dân tộc của thanh niên, sinh viên, học sinh Sài Gòn thời kì 1965-1975 
650 |a Vietnam war,Chiến tranh Việt Nam 
650 |y 1961-1975,1961-1975 
910 |a Ngô Thị Mỹ Xuyên,Hải 
980 |a Trung tâm Học liệu Trường Đại học Cần Thơ